000 00481cam a2200193 4500
001 D8923
008 090401t1985 xxu||||| |||| 00| 0 eng d
035 _a(Sirsi) u16180
041 _aeng
050 _a692.5
110 _aDavis Belfield and Everest
_93164
245 _aSpon`s architects` and builders` price book - 1986
250 _a111th
260 _aLondon
_bE & F N Spon
_c1985
300 _axxxii. 892p. 24cm
350 _a25.95
942 _n0
948 _c04/03/1997
999 _c87392
_d87392